| 000 | 01163cam a2200289 a 4500 | ||
|---|---|---|---|
| 999 |
_c26652 _d26652 |
||
| 001 | 2978151 | ||
| 005 | 20170206090820.0 | ||
| 008 | 920803s1993 ohua 001 0 eng | ||
| 010 | _a 92029637 | ||
| 020 |
_a0891345051 : _c$29.95 (£17.95) |
||
| 050 | 0 | 0 | _aNC1002.L47F74 1993 |
| 245 | 0 | 0 |
_aFresh ideas in letterhead & business card design / _c[compiled] by Diana Martin & Mary Cropper. |
| 260 |
_aCincinnati, Ohio : _bNorth Light, _cc1993. |
||
| 300 |
_a136 p. : _bill. (some col.) ; _c29 cm. |
||
| 500 | _aIncludes index. | ||
| 650 | 0 |
_aLetterheads _xDesign. |
|
| 650 | 0 |
_aBusiness cards _xDesign. |
|
| 700 | 1 |
_aMartin, Diana, _d1956- |
|
| 700 | 1 |
_aCropper, Mary, _d1955- |
|
| 740 | 0 | _aFresh ideas in letterhead and business card design. | |
| 942 |
_2lcc _cBOOKS |
||